[Event "Championnat de France - Open A"]
[Site "Pau"]
[Date "2008.08.23"]
[Round "11.55"]
[White "Noizat, Pierre"]
[Black "Forgues, Valerie"]
[Result "0-1"]
[WhiteElo "2045"]
[BlackElo "1999"]
[PlyCount "106"]

1. e4 e5 2. Nf3 Nc6 3. Bb5 a6 4. Bxc6 dxc6 5. O-O f6 6. d4 exd4 7. Nxd4 c5 8.
Nb3 Qxd1 9. Rxd1 Bg4 10. f3 Bd7 11. Be3 b6 12. Nc3 O-O-O 13. Nd5 Ne7 14. Bf4
Nxd5 15. Rxd5 c4 16. Nc1 Bc5+ 17. Kf1 Be6 18. Rxd8+ Rxd8 19. Ke2 b5 20. a3 g5
21. Be3 Bd6 22. Na2 Bxh2 23. Rh1 Be5 24. c3 Rd7 25. Nb4 Kb7 26. Rh6 Bg8 27. g3
Rf7 28. f4 gxf4 29. gxf4 Bd6 30. Nd5 Be7 31. Kf3 f5 32. e5 Rg7 33. e6 c5 34.
Nxe7 Rxe7 35. Bxc5 Rxe6 36. Rxe6 Bxe6 37. Kg3 Kc6 38. Bb4 Kd5 39. Ba5 Ke4 40.
Bc7 Kd3 41. Bd6 Kc2 42. Bb4 Kxb2 43. Kh4 Bf7 44. Kg5 Bg6 45. Kh6 Kb3 46. Kg5
Ka4 47. Bc5 a5 48. Kf6 Kb3 49. Ke5 Kxc3 50. Kd5 b4 51. axb4 axb4 52. Bd6 b3 53.
Be5+ Kc2 0-1

[Event "Championnat de France - Open A"]
[Site "Pau"]
[Date "2008.08.23"]
[Round "11.56"]
[White "Dubocage, Claude"]
[Black "Sauvadet, Herve"]
[Result "1/2-1/2"]
[WhiteElo "1970"]
[BlackElo "2041"]
[PlyCount "52"]

1. d4 Nf6 2. Nf3 g6 3. g3 Bg7 4. Bg2 O-O 5. O-O d5 6. c4 c6 7. Nc3 e6 8. Bf4
Nbd7 9. cxd5 exd5 10. Rc1 Re8 11. b4 a6 12. a4 Nb6 13. Ne5 Ng4 14. Nf3 Nc4 15.
h3 Nh6 16. b5 axb5 17. axb5 Nf5 18. bxc6 bxc6 19. Re1 Qb6 20. e4 Nxd4 21. exd5
Nxf3+ 22. Qxf3 Rxe1+ 23. Rxe1 Bd7 24. dxc6 Bxc6 25. Qxc6 Qxc6 26. Bxc6 Bxc3
1/2-1/2

[Event "Championnat de France - Open A"]
[Site "Pau"]
[Date "2008.08.23"]
[Round "11.57"]
[White "Schweitzer, Adrien"]
[Black "Billon, Olivier"]
[Result "0-1"]
[WhiteElo "2041"]
[BlackElo "1999"]
[PlyCount "66"]

1. d4 Nf6 2. c4 g6 3. Nc3 Bg7 4. e4 d6 5. Be2 O-O 6. Nf3 e5 7. O-O Nc6 8. d5
Ne7 9. Ne1 Nd7 10. Be3 f5 11. f3 f4 12. Bf2 g5 13. Rc1 Nf6 14. c5 Ng6 15. cxd6
cxd6 16. Nb5 Rf7 17. Nxa7 Bd7 18. Qb3 g4 19. Qb6 Qe7 20. Qxb7 Rxa7 21. Qxa7 g3
22. hxg3 Nh5 23. gxf4 Ngxf4 24. Rc2 Qg5 25. Kh2 Bf8 26. Qe3 Rg7 27. g4 Qh6 28.
Kg1 Nh3+ 29. Kh1 N5f4 30. Bg3 Nf2+ 31. Kg1 N2h3+ 32. Kh1 Nf2+ 33. Kg1 Qh1+ 0-1

[Event "Championnat de France - Open A"]
[Site "Pau"]
[Date "2008.08.23"]
[Round "11.58"]
[White "Gaubil, Olivier"]
[Black "Kirk, Jason"]
[Result "1-0"]
[WhiteElo "2154"]
[BlackElo "1979"]
[PlyCount "55"]

1. Nf3 c5 2. c4 Nf6 3. Nc3 Nc6 4. d4 cxd4 5. Nxd4 g6 6. e4 d6 7. Be2 Bg7 8. Be3
O-O 9. O-O Bd7 10. Rc1 Rc8 11. Kh1 Qa5 12. f4 Nxd4 13. Bxd4 Bc6 14. Nd5 Nxd5
15. exd5 Bd7 16. Bxg7 Kxg7 17. Qd4+ Kg8 18. f5 Qc5 19. Qh4 Bxf5 20. Rxf5 gxf5
21. Rc3 f6 22. Bh5 Rc7 23. Rg3+ Kh8 24. Bg6 e5 25. Qh6 Rg8 26. Rh3 Rgg7 27.
Bxh7 Qf2 28. Bg6+ 1-0

[Event "Championnat de France - Open A"]
[Site "Pau"]
[Date "2008.08.23"]
[Round "11.59"]
[White "Denous, Cyprien"]
[Black "Budin, Florent"]
[Result "1/2-1/2"]
[WhiteElo "2028"]
[BlackElo "1973"]
[PlyCount "84"]

1. e4 e6 2. d4 d5 3. e5 c5 4. c3 Qb6 5. Nf3 Nc6 6. a3 c4 7. Nbd2 Na5 8. Be2 Bd7
9. O-O Nb3 10. Nxb3 Ba4 11. Nfd2 Ne7 12. Qe1 Bxb3 13. Nxb3 Qxb3 14. Bd1 Qb6 15.
f4 g6 16. Bc2 h5 17. Rb1 Rc8 18. Rf3 Nc6 19. Rh3 Bg7 20. g4 hxg4 21. Rxh8+ Bxh8
22. Be3 Bg7 23. Qe2 Kd7 24. Qxg4 Ne7 25. Qd1 Nf5 26. Qd2 Rh8 27. b3 cxb3 28.
Rxb3 Qc7 29. Bf2 Kc8 30. Bd3 Rh3 31. c4 dxc4 32. Bxc4 Rxb3 33. Bxb3 Bf8 34. d5
exd5 35. Qxd5 Qc1+ 36. Kg2 Ne3+ 37. Bxe3 Qxe3 38. Qxf7 Qd2+ 39. Kg3 Qe1+ 40.
Kg4 Qe2+ 41. Kh4 Qxh2+ 42. Kg4 Qg2+ 1/2-1/2

[Event "Championnat de France - Open A"]
[Site "Pau"]
[Date "2008.08.23"]
[Round "11.60"]
[White "Bollard, Maxime"]
[Black "Bruneau, Francois"]
[Result "1-0"]
[WhiteElo "1980"]
[BlackElo "2002"]
[PlyCount "70"]

1. e4 d6 2. d4 Nf6 3. Nc3 g6 4. Be3 c6 5. Qd2 b5 6. f3 Nbd7 7. g4 Nb6 8. b3 h5
9. g5 Nfd7 10. f4 Bg7 11. Bd3 b4 12. Nce2 c5 13. Rd1 Qc7 14. c4 a5 15. Nf3 cxd4
16. Nfxd4 Nc5 17. O-O Bg4 18. Rde1 Nbd7 19. Nb5 Qb7 20. Bc2 O-O 21. Qd5 Qc8 22.
Ng3 h4 23. Ne2 Nb6 24. Qd2 Bh3 25. Rf2 Qb7 26. Bxc5 dxc5 27. f5 Nd7 28. Nf4 Bg4
29. Nd5 Ne5 30. f6 Nf3+ 31. Rxf3 Bxf3 32. Qf4 Bh5 33. Nxe7+ Kh7 34. Bd1 Qd7 35.
Qxh4 Bxf6 1-0

[Event "Championnat de France - Open A"]
[Site "Pau"]
[Date "2008.08.23"]
[Round "11.61"]
[White "Bekhouche, Christophe"]
[Black "Ane, Regis"]
[Result "1-0"]
[WhiteElo "1973"]
[BlackElo "1993"]
[PlyCount "99"]

1. Nf3 Nf6 2. g3 g6 3. Bg2 Bg7 4. O-O O-O 5. d3 d6 6. c3 e5 7. Qa4 c6 8. Qh4
Nbd7 9. Bh6 Qb6 10. b4 a5 11. Bxg7 Kxg7 12. Nbd2 d5 13. Rfb1 Re8 14. bxa5 Qxa5
15. Qb4 Qc7 16. c4 d4 17. Ne1 Nf8 18. Nc2 N6d7 19. a4 f5 20. Nb3 Ne6 21. Na3
Nb8 22. c5 Na6 23. Qc4 Qe7 24. Rc1 Nd8 25. Nd2 Be6 26. Qc2 Nb4 27. Qb2 Nd5 28.
Nac4 Qc7 29. Nd6 Re7 30. N2c4 Bf7 31. Bxd5 Bxd5 32. Nb6 Ra6 33. a5 Nf7 34. Rcb1
Nxd6 35. cxd6 Qxd6 36. Nc8 Qe6 37. Nxe7 Qxe7 38. Qxb7 Qxb7 39. Rxb7+ Kh6 40.
Rb6 Ra7 41. a6 c5 42. Ra5 e4 43. Rxc5 Ba8 44. Rc4 Rd7 45. Rb8 exd3 46. exd3 Bf3
47. Rc1 Be2 48. Rb7 Rd6 49. Ra1 Bxd3 50. a7 1-0

[Event "Championnat de France - Open A"]
[Site "Pau"]
[Date "2008.08.23"]
[Round "11.62"]
[White "Hodot, Yves"]
[Black "Cao, Philippe"]
[Result "1-0"]
[WhiteElo "1963"]
[BlackElo "1991"]
[PlyCount "85"]

1. e4 c5 2. b4 cxb4 3. c4 e5 4. f4 Nc6 5. Nf3 d6 6. a3 Bg4 7. Qa4 Bxf3 8. gxf3
Qh4+ 9. Kd1 Qf2 10. Be2 Nf6 11. axb4 Be7 12. Rf1 Qxh2 13. d4 O-O 14. d5 Nd4 15.
Bd3 Qh3 16. Ra3 Qd7 17. Qxd7 Nxd7 18. fxe5 dxe5 19. c5 f5 20. d6 Bh4 21. Bb2 a5
22. Bxd4 exd4 23. Bc4+ Kh8 24. Rh1 g5 25. Be6 Ne5 26. Bxf5 Nc4 27. b5 Nxa3 28.
Nxa3 Rad8 29. Nc4 Kg7 30. c6 bxc6 31. bxc6 Rb8 32. Ke2 Rb4 33. Nd2 Bg3 34.
Rxh7+ Kf6 35. Rh6+ Kg7 36. Rg6+ Kf7 37. e5 Bxe5 38. Ne4 d3+ 39. Kxd3 Rd4+ 40.
Ke3 Rc4 41. Nxg5+ Ke8 42. Bd7+ Kd8 43. Ne6# 1-0

[Event "Championnat de France - Open A"]
[Site "Pau"]
[Date "2008.08.23"]
[Round "11.63"]
[White "Rodon, Gurvan"]
[Black "Muratet, Lucas"]
[Result "0-1"]
[WhiteElo "1989"]
[BlackElo "1934"]
[PlyCount "44"]

1. d4 Nf6 2. c4 c5 3. d5 e6 4. Nc3 exd5 5. cxd5 d6 6. e4 g6 7. Nf3 Bg7 8. Be2
O-O 9. O-O a6 10. a4 Re8 11. Nd2 Nbd7 12. f3 Rb8 13. Nc4 Ne5 14. Nxe5 Rxe5 15.
Bf4 Nh5 16. Bxe5 Bxe5 17. Qe1 Qg5 18. f4 Nxf4 19. g3 Bh3 20. Rf2 Bd4 21. Kh1
Bxf2 22. Qxf2 Bg2+ 0-1

[Event "Championnat de France - Open A"]
[Site "Pau"]
[Date "2008.08.23"]
[Round "11.64"]
[White "Milesi, Laurent"]
[Black "Charpentier, Denis"]
[Result "1-0"]
[WhiteElo "2145"]
[BlackElo "1974"]
[PlyCount "100"]

1. e4 d5 2. exd5 Nf6 3. d4 Nxd5 4. Nf3 Bg4 5. c4 Nb6 6. c5 N6d7 7. Bc4 e6 8.
Nc3 Nc6 9. Be3 Be7 10. a3 O-O 11. b4 e5 12. d5 Nd4 13. Rc1 a5 14. Bxd4 exd4 15.
Qxd4 Bxf3 16. gxf3 axb4 17. axb4 Bf6 18. Qd2 Re8+ 19. Kf1 Ne5 20. Be2 Qd7 21.
h3 Qf5 22. f4 Ng6 23. Bg4 Qxf4 24. Qxf4 Nxf4 25. Nb5 Ra2 26. Rd1 Re4 27. d6
cxd6 28. cxd6 h5 29. d7 Rxb4 30. d8=Q+ Bxd8 31. Rxd8+ Kh7 32. Nc3 Ra3 33. Nd1
hxg4 34. hxg4+ Kg6 35. Rd2 Rb1 36. Rh8 Raa1 37. Rhd8 Kg5 38. f3 Kh4 39. Kf2 Kg5
40. Ne3 Rh1 41. R8d7 Rh2+ 42. Kg3 Rh3+ 43. Kf2 Rah1 44. Nf1 Rxf1+ 45. Kxf1
Rxf3+ 46. Rf2 Rb3 47. Rxf4 Kxf4 48. Rxf7+ Kxg4 49. Rxg7+ Kf3 50. Ke1 Re3+ 1-0

[Event "Championnat de France - Open A"]
[Site "Pau"]
[Date "2008.08.23"]
[Round "11.65"]
[White "Brih, Touatia"]
[Black "Baudon, Sebastien"]
[Result "0-1"]
[WhiteElo "1934"]
[BlackElo "2009"]
[PlyCount "64"]

1. e4 c5 2. Nc3 Nc6 3. g3 g6 4. Bg2 Bg7 5. d3 d6 6. Be3 e6 7. Qd2 Nge7 8. Bh6
O-O 9. h4 f6 10. Bxg7 Kxg7 11. h5 g5 12. h6+ Kh8 13. O-O-O Qa5 14. f4 g4 15.
Rh4 Rg8 16. Qe2 Nd4 17. Qf2 Rb8 18. Nge2 Nec6 19. Nxd4 cxd4 20. Nb1 Qxa2 21. f5
e5 22. Qe2 Bd7 23. Rxg4 Rxg4 24. Qxg4 Rg8 25. Qh4 Rg5 26. Kd2 Qxb2 27. Ke1 Qxc2
28. Nd2 Nb4 29. Nf3 Nxd3+ 30. Rxd3 Qxd3 31. Nxg5 Qe3+ 32. Kd1 Ba4# 0-1

[Event "Championnat de France - Open A"]
[Site "Pau"]
[Date "2008.08.23"]
[Round "11.66"]
[White "Bornhauser, Eric"]
[Black "Peyre, Thomas"]
[Result "1-0"]
[WhiteElo "1985"]
[BlackElo "1922"]
[PlyCount "63"]

1. Nf3 Nf6 2. c4 e6 3. g3 b6 4. Bg2 Bb7 5. O-O d5 6. cxd5 exd5 7. d4 Bd6 8. Nc3
c6 9. Nh4 Bc8 10. Qc2 O-O 11. e4 Be7 12. exd5 cxd5 13. Nf5 Be6 14. Nxe7+ Qxe7
15. Bg5 Rd8 16. Rfe1 Qd7 17. Re5 Qc6 18. Bxf6 gxf6 19. Rh5 f5 20. g4 f6 21.
Rxf5 Kg7 22. Rh5 h6 23. h3 Bf7 24. Rf5 Bg6 25. Re1 Na6 26. Re7+ Kf8 27. Ree5
Bxf5 28. Qxf5 Re8 29. Bxd5 Rxe5 30. dxe5 Qc8 31. Qxf6+ Ke8 32. Bf7+ 1-0

[Event "Championnat de France - Open A"]
[Site "Pau"]
[Date "2008.08.23"]
[Round "11.67"]
[White "Eid, Maha"]
[Black "Dube, Dimitri"]
[Result "1-0"]
[WhiteElo "1953"]
[BlackElo "2124"]
[PlyCount "57"]

1. d4 Nf6 2. Nf3 d6 3. e3 Bg4 4. Nbd2 e6 5. Bd3 Nbd7 6. O-O Be7 7. c4 c6 8. Qc2
O-O 9. b3 d5 10. Ne5 Bh5 11. Bb2 Bg6 12. Nxg6 hxg6 13. Qd1 Qc7 14. f4 Ne8 15.
Nf3 Nd6 16. Qe1 f5 17. Qg3 Kf7 18. Ba3 Rh8 19. Bxd6 Qxd6 20. Ne5+ Nxe5 21. fxe5
Qb4 22. e4 Qc3 23. exf5 Qxd4+ 24. Kh1 gxf5 25. Rad1 Bh4 26. Qf3 Qxe5 27. cxd5
Qxh2+ 28. Kxh2 Bf2+ 29. Qh3 1-0

[Event "Championnat de France - Open A"]
[Site "Pau"]
[Date "2008.08.23"]
[Round "11.68"]
[White "Suez-Panama, Gilles"]
[Black "Vaillant, Stephane"]
[Result "1/2-1/2"]
[WhiteElo "2093"]
[BlackElo "2016"]
[PlyCount "115"]

1. d4 e6 2. Nf3 Nf6 3. c4 Bb4+ 4. Nbd2 b6 5. a3 Bxd2+ 6. Bxd2 Bb7 7. e3 d6 8.
Be2 Nbd7 9. O-O O-O 10. Qc2 Be4 11. Bd3 Bxd3 12. Qxd3 c5 13. b4 Qc7 14. Rac1
Qb7 15. Bc3 Rac8 16. Rfd1 a6 17. dxc5 dxc5 18. Ne5 Nxe5 19. Bxe5 Rfe8 20. f3 h6
21. Qc3 cxb4 22. axb4 Nd5 23. Qd2 Ne7 24. e4 Nc6 25. Bd6 Red8 26. Qc3 b5 27. c5
Ra8 28. Bg3 Rxd1+ 29. Rxd1 Rd8 30. Rd6 Kf8 31. Bh4 Rxd6 32. cxd6 e5 33. Qc5 Qd7
34. Bg3 f6 35. f4 exf4 36. Bxf4 Ke8 37. Qd5 Kf8 38. Qc5 Ke8 39. h3 Kf8 40. Kh2
Ke8 41. e5 fxe5 42. Bxe5 Nxe5 43. Qxe5+ Kf7 44. Qd5+ Qe6 45. Qf3+ Ke8 46. Qc6+
Kf8 47. Qa8+ Kf7 48. Qa7+ Ke8 49. Qb8+ Kd7 50. Qc7+ Ke8 51. Qc6+ Kd8 52. Qc7+
Ke8 53. h4 Qe5+ 54. Kh3 Qe3+ 55. g3 Qe6+ 56. Kh2 Qe2+ 57. Kh3 Qe6+ 58. Kh2
1/2-1/2

[Event "Championnat de France - Open A"]
[Site "Pau"]
[Date "2008.08.23"]
[Round "11.69"]
[White "Jacquot, David"]
[Black "Zaninetti, Laurent"]
[Result "1/2-1/2"]
[WhiteElo "2087"]
[BlackElo "2013"]
[PlyCount "33"]

1. d4 d5 2. Nf3 Nf6 3. Bg5 Ne4 4. Bf4 c5 5. e3 Qb6 6. Qc1 Nc6 7. c3 Bf5 8. Be2
cxd4 9. exd4 e6 10. Nbd2 Be7 11. O-O O-O 12. Nxe4 Bxe4 13. Qd2 Rfd8 14. b3 Rac8
15. Qe3 Bf6 16. Bg5 Bxg5 17. Nxg5 1/2-1/2

[Event "Championnat de France - Open A"]
[Site "Pau"]
[Date "2008.08.23"]
[Round "11.70"]
[White "Moullier, Igor"]
[Black "Pradere, Anthony"]
[Result "0-1"]
[WhiteElo "2041"]
[BlackElo "1930"]
[PlyCount "106"]

1. d4 Nf6 2. Bg5 d6 3. Bxf6 exf6 4. c4 f5 5. e3 g6 6. Nc3 Bg7 7. g3 c6 8. Bg2
Nd7 9. Nge2 Nf6 10. O-O O-O 11. b4 Re8 12. Qd3 Qe7 13. b5 Ne4 14. a4 a5 15.
Rab1 Bh6 16. bxc6 bxc6 17. Rb6 Ra6 18. Rb8 Qc7 19. Rfb1 Nf6 20. R1b2 Nd7 21.
R8b3 Ra7 22. e4 Ba6 23. exf5 d5 24. fxg6 hxg6 25. Qb1 dxc4 26. Ra3 Bf8 27. Raa2
Bb4 28. Qc1 Kg7 29. Nf4 Bd6 30. Re2 Raa8 31. Nh5+ Kh7 32. Ne4 Be7 33. Ng5+ Bxg5
34. Qxg5 Qd6 35. Bh3 Qxd4 36. Bxd7 Rxe2 37. Nf6+ Kg7 38. Nh5+ Kg8 39. Nf6+ Qxf6
40. Qxf6 Rxa2 41. Be6 Ra7 42. Qxg6+ Kf8 43. Qh6+ Ke7 44. Bxf7 Ra1+ 45. Kg2 c3
46. Qe6+ Kf8 47. Qe8+ Kg7 48. Qg8+ Kf6 49. Qg6+ Ke7 50. Bb3 Bf1+ 51. Kf3 Rd7
52. Qg7+ Kd8 53. Qxc3 Rd3+ 0-1

[Event "Championnat de France - Open A"]
[Site "Pau"]
[Date "2008.08.23"]
[Round "11.72"]
[White "Chizelle, Bernard"]
[Black "Cruz, Manuel"]
[Result "*"]
[WhiteElo "1960"]
[BlackElo "2001"]
[PlyCount "135"]

1. e4 d6 2. d4 Nf6 3. Nc3 g6 4. Nf3 Bg7 5. Be2 O-O 6. O-O c6 7. a4 Nbd7 8. e5
dxe5 9. dxe5 Nd5 10. Nxd5 cxd5 11. Qxd5 Nxe5 12. Qxd8 Rxd8 13. c3 Nc6 14. a5 a6
15. Be3 Be6 16. Bb6 Rd7 17. Rfd1 Rxd1+ 18. Rxd1 Bf6 19. Nd2 Bf5 20. Bf3 e5 21.
Ne4 Bd8 22. Bxd8 Bxe4 23. Bb6 Bxf3 24. gxf3 Re8 25. Kf1 f5 26. Ke2 Kf7 27. b4
Ke6 28. Kd3 Ne7 29. Kc4 Rc8+ 30. Bc5 Rc7 31. Rd6+ Kf7 32. b5 axb5+ 33. Kxb5 Nc8
34. Rd8 g5 35. c4 Ke6 36. Re8+ Kf6 37. Rf8+ Ke6 38. Rg8 Kf6 39. Kb4 h5 40. Rf8+
Ke6 41. Rh8 h4 42. Rh6+ Kd7 43. Rg6 Ne7 44. Bxe7 Kxe7 45. Rg7+ Kd6 46. Rg6+ Ke7
47. Rg7+ Kd6 48. Rxg5 Rf7 49. Rg6+ Kc7 50. a6 bxa6 51. Rxa6 Kb7 52. Rg6 e4 53.
Rh6 exf3 54. Rxh4 f4 55. Rh3 Kc6 56. Rxf3 Rf6 57. Ra3 Rf5 58. Ra6+ Kb7 59. Rh6
f3 60. h4 Rf7 61. h5 Kc7 62. Kc5 Kd7 63. Rd6+ Kc7 64. Rd5 Rf6 65. Rg5 Kd7 66.
Kd5 Rd6+ 67. Ke4 Rc6 68. c5 *

[Event "Championnat de France - Open A"]
[Site "Pau"]
[Date "2008.08.23"]
[Round "11.73"]
[White "Cramer, Stephen"]
[Black "Lambert, Thierry"]
[Result "1/2-1/2"]
[WhiteElo "2090"]
[BlackElo "2000"]
[PlyCount "23"]

1. e4 c5 2. Nc3 e6 3. d3 d5 4. exd5 exd5 5. g3 Nf6 6. Bg2 Be6 7. Nge2 Be7 8.
O-O O-O 9. Nf4 Nc6 10. Nxe6 fxe6 11. Ne2 e5 12. f4 1/2-1/2